Distribution par images - Les Visiteurs : La Révolution - Statistiques

Statistiques générales
  • Ce quiz a été pris 41 fois
  • Le résultat moyen est 6 sur 9
Statistiques - réponses
Par images Hint Réponse % Correct
Godefroy de Montmirail Jean Reno
100%
Jacqouille la Fripouille Christian Clavier
95%
Gonzague de Montmirail Franck Dubosc
84%
Prune Marie-Anne Chazel
81%
Lorenzo Baldini Ary Abittan
54%
Robert de Montmirail Alex Lutz
51%
Flore Frédérique Bel
51%
Adélaïde de Montmirail Karin Viard
46%
Charlotte de Robespierre Sylvie Testud
43%
Aucun quiz correspondant
Distribution des résultats
% des personnes avec chaque résultat
Percentile par nombre de réponses
Votre historique - résultats
Vous n’avez pas pris ce quiz